<?xml version="1.0" encoding="UTF-8"?><?xml-stylesheet type="text/xsl" href="static/style.xsl"?><OAI-PMH xmlns="http://www.openarchives.org/OAI/2.0/" xmlns:xsi="http://www.w3.org/2001/XMLSchema-instance" xsi:schemaLocation="http://www.openarchives.org/OAI/2.0/ http://www.openarchives.org/OAI/2.0/OAI-PMH.xsd"><responseDate>2026-04-17T23:44:26Z</responseDate><request verb="GetRecord" identifier="oai:www.recercat.cat:10459.1/465124" metadataPrefix="marc">https://recercat.cat/oai/request</request><GetRecord><record><header><identifier>oai:recercat.cat:10459.1/465124</identifier><datestamp>2025-09-15T19:01:45Z</datestamp><setSpec>com_2072_3622</setSpec><setSpec>col_2072_479130</setSpec></header><metadata><record xmlns="http://www.loc.gov/MARC21/slim" xmlns:dcterms="http://purl.org/dc/terms/" xmlns:xsi="http://www.w3.org/2001/XMLSchema-instance" xmlns:doc="http://www.lyncode.com/xoai" xsi:schemaLocation="http://www.loc.gov/MARC21/slim http://www.loc.gov/standards/marcxml/schema/MARC21slim.xsd">
   <leader>00925njm 22002777a 4500</leader>
   <datafield ind2=" " ind1=" " tag="042">
      <subfield code="a">dc</subfield>
   </datafield>
   <datafield ind2=" " ind1=" " tag="720">
      <subfield code="a">Muñoz-Ulecia, Enrique</subfield>
      <subfield code="e">author</subfield>
   </datafield>
   <datafield ind2=" " ind1=" " tag="720">
      <subfield code="a">Martín-Collado, Daniel</subfield>
      <subfield code="e">author</subfield>
   </datafield>
   <datafield ind2=" " ind1=" " tag="720">
      <subfield code="a">Bernués, Alberto</subfield>
      <subfield code="e">author</subfield>
   </datafield>
   <datafield ind2=" " ind1=" " tag="720">
      <subfield code="a">Peral, Alicia Tenza</subfield>
      <subfield code="e">author</subfield>
   </datafield>
   <datafield ind2=" " ind1=" " tag="720">
      <subfield code="a">Casasús, Isabel</subfield>
      <subfield code="e">author</subfield>
   </datafield>
   <datafield ind2=" " ind1=" " tag="720">
      <subfield code="a">Villalba Mata, Daniel</subfield>
      <subfield code="e">author</subfield>
   </datafield>
   <datafield ind2=" " ind1=" " tag="260">
      <subfield code="c">2024</subfield>
   </datafield>
   <datafield ind2=" " ind1=" " tag="520">
      <subfield code="a">Livestock grazing systems constitute a traditional activity in mountain areas. They are adapted to vegetation growth cycles in meadows, forests and grasslands, and deliver ecosystem services such as open landscapes, wildfires prevention, biodiversity maintenance and quality products. Climate change poses a new challenge on mountain grazing systems by impacting on its natural resource base. We used the model NODRIZA to evaluate the potential impact of three scenarios of altered pasture quality and quantity due to climate change (optimistic, medium and worst) and a business-as-usual scenario (BAU) on four beef farms representative of the existing grazing systems in the Spanish Pyrenees. We explored the role of traditional management practices (e.g. modifying the grazing season and early weaning) to cope with these changes. Cow body condition score, feed self-sufficiency and gross margin were the indicators of farms functioning. The optimistic scenario improved all farming indicators during most of the modelled period and then declined—still above BAU levels—in the long term. The medium scenario resulted in an initial improvement of farming indicators and a decline to BAU levels in the long run. The worst scenario declined all indicators below BAU levels. The four case studies were impacted in the same direction but to different extent, farms oriented to fattened calves suffered higher impacts than those focused on weaned calves. Traditional adaptation actions succeeded to maintain cow body condition score steady, but they came at the expense of lower feed self-sufficiency and gross margin, becoming impractical to face climate change.</subfield>
   </datafield>
   <datafield ind2=" " ind1=" " tag="520">
      <subfield code="a">Open Access funding provided thanks to the CRUE-CSIC agreement with Springer Nature. This work was supported by the European Union’s Horizon 2020 Research and Innovation Program (GenTORE, grant agreement No. 727213) and the Government of Aragón (Grant Research Group Funds AR25_23R, pre-doctoral contract of E. Muñoz-Ulecia).</subfield>
   </datafield>
   <datafield tag="653" ind2=" " ind1=" ">
      <subfield code="a">Adaptation</subfield>
   </datafield>
   <datafield tag="653" ind2=" " ind1=" ">
      <subfield code="a">Feed self-sufficiency</subfield>
   </datafield>
   <datafield tag="653" ind2=" " ind1=" ">
      <subfield code="a">Grassland</subfield>
   </datafield>
   <datafield tag="653" ind2=" " ind1=" ">
      <subfield code="a">Modelling</subfield>
   </datafield>
   <datafield tag="653" ind2=" " ind1=" ">
      <subfield code="a">Profitability</subfield>
   </datafield>
   <datafield ind2="0" ind1="0" tag="245">
      <subfield code="a">Can traditional management practices help mountain livestock farms in the Spanish Pyrenees cope with climate change?</subfield>
   </datafield>
</record></metadata></record></GetRecord></OAI-PMH>